Library Logo

شاخ گل / (Record no. 243468)

000 -LEADER
fixed length control field 00465nam a22001697a 4500
003 - CONTROL NUMBER IDENTIFIER
control field BD-DhUL
005 - DATE AND TIME OF LATEST TRANSACTION
control field 20201125114733.0
008 - FIXED-LENGTH DATA ELEMENTS--GENERAL INFORMATION
fixed length control field 180913snd. pk ||||| |||| 00| 0 urd d
040 ## - CATALOGING SOURCE
Original cataloging agency BD-DhUL
Transcribing agency BD-DhUL
082 ## - DEWEY DECIMAL CLASSIFICATION NUMBER
Classification number 891.431
Item number ALS
100 0# - MAIN ENTRY--PERSONAL NAME
Personal name الطاف مشھدی
245 1# - TITLE STATEMENT
Title شاخ گل /
Statement of responsibility, etc. الطاف مشھدی
260 ## - PUBLICATION, DISTRIBUTION, ETC. (IMPRINT)
Place of publication, distribution, etc. لاهور :
Name of publisher, distributor, etc. اشاعت منزل،
Date of publication, distribution, etc. ۔
300 ## - PHYSICAL DESCRIPTION
Extent ص۔ ۱۶۰ ؛
Dimensions ۱۹ سم۔
650 #4 - SUBJECT ADDED ENTRY--TOPICAL TERM
Topical term or geographic name as entry element Urdu poetry
942 ## - ADDED ENTRY ELEMENTS (KOHA)
Source of classification or shelving scheme
Koha item type Books
Holdings
Price effective from Date last seen Permanent Location Not for loan Date acquired Source of classification or shelving scheme Koha item type Lost status Withdrawn status Copy number Source of acquisition Collection code Damaged status Shelving location Barcode Current Location Full call number
2018-09-132018-09-13Dhaka University Library 2018-09-13 Books  1purchasedNon Fiction General StacksA17791Dhaka University Library891.431 ALS
Last Updated on September 15, 2019
© Dhaka University Library. All Rights Reserved|Staff Login